| 000 | 01667cam a22004098i 4500 | ||
|---|---|---|---|
| 001 | 20698306 | ||
| 003 | NUST | ||
| 005 | 20220301125147.0 | ||
| 008 | 181009s2018 nju b 001 0 eng | ||
| 010 | _a 2018025829 | ||
| 020 | _a9781119361688 (hardcover) | ||
| 038 | _awaseem | ||
| 040 |
_aDLC _beng _erda _cDLC |
||
| 042 | _apcc | ||
| 050 | 0 | 0 |
_aQC667.A54 _bX83 2018 |
| 082 | 0 | 0 |
_a621.30287 _bQIA |
| 100 | 1 |
_aXu, Qian, _d1985- _eauthor. _990039 |
|
| 245 | 1 | 0 |
_aAnechoic and reverberation chambers : _btheory, design and measurements / _cQian Xu, College of Electronic and Information Engineering, Nanjing University of Aeronautics and Astronautics, Nanjing, China, Yi Huang, The University of Liverpool, Liverpool, UK. |
| 263 | _a1811 | ||
| 264 | 1 |
_aU.S.A. : _bWiley-IEEE Press, _c2018. |
|
| 300 |
_a380p. ; _c26 cm. |
||
| 336 |
_atext _btxt _2rdacontent |
||
| 337 |
_aunmediated _bn _2rdamedia |
||
| 338 |
_avolume _bnc _2rdacarrier |
||
| 504 | _aIncludes bibliographical references and index. | ||
| 563 | _aHBK. | ||
| 650 | 0 |
_aAnechoic chambers. _990040 |
|
| 650 | 0 |
_aElectromagnetic reverberation chambers. _990041 |
|
| 650 | 0 |
_aElectromagnetic measurements. _990042 |
|
| 650 | 0 |
_aElectromagnetic waves _xTransmission. _990043 |
|
| 650 | 0 |
_aShielding (Electricity) _990044 |
|
| 700 | 1 |
_aHuang, Yi, _d1964- _eauthor. _990045 |
|
| 776 | 0 | 8 |
_iOnline version: _aXu, Qian, 1985- author. _tAnechoic and reverberation chambers _dHoboken, NJ, USA : Wiley-IEEE Press, 2018 _z9781119362029 _w(DLC) 2018050886 |
| 906 |
_a7 _bcbc _corignew _d1 _eecip _f20 _gy-gencatlg |
||
| 942 |
_2ddc _cBK |
||
| 999 |
_c588465 _d588465 |
||